000 00542nam a22001697a 4500
005 20251108172704.0
008 250721s2002 xx 000 0 ara d
082 1 4 _a591.5/فري
100 1 _aفريد، خالد حسونة
_eمؤلف
245 1 0 _aمؤثرات التلوث البيئي على البيئة الحيوانية /
264 1 _aعمان :
_bدار المناهج،
_c2002.
300 _a188ص.
650 1 7 _aعلم البيئة الحيوانية
650 1 7 _aتلوث البيئة
942 _2ddc
_cBK
999 _c86013
_d86013